Normal view
MARC view
- Lumabi, Bethany Marie Cabantac,
Entry Personal Name
001 - CONTROL NUMBER
- control field: 6546
003 - CONTROL NUMBER IDENTIFIER
- control field: URS
005 - DATE AND TIME OF LATEST TRANSACTION
- control field: 20251022074345.0
008 - FIXED-LENGTH DATA ELEMENTS
- fixed length control field: 251022|| aca||aabn | a|a d
040 ## - CATALOGING SOURCE
- Original cataloging agency: URS
100 ## - HEADING--PERSONAL NAME
- Personal name: Lumabi, Bethany Marie Cabantac,
- Relator term: author.